00455nam a22001337a 450000500170000000800410001704100130005808200150007110000250008624501080011126000450021930000320026465000250029620231031065007.0231031b |||||||| |||| 00| 0 eng d aEnglish  a347.5 NAT  aNathan, M lEnglish  aThe Law and Practice relating to Interdicts : b(including mandamus and spoliation orders) /cM Nathan  aSouth Africa : bHortors Limited, c1939 bviii, 399 pages ; c23 cm.  alegal practice bLaw